कलि रामायण/ (Record no. 210745)

MARC details
000 -LEADER
fixed length control field 00933nam a22001937a 4500
005 - DATE AND TIME OF LATEST TRANSACTION
control field 20250403152018.0
010 ## - LCCN (DPL NO)
LC control number HIN- 129582
020 ## - INTERNATIONAL STANDARD BOOK NUMBER
Terms of availability 808.00
International Standard Book Number 9788190946339
035 ## - SYSTEM CONTROL NUMBER
System control number HN-101928
037 ## - SOURCE OF ACQUISITION
Source of stock number/acquisition DBAD
082 ## - DEWEY DECIMAL CLASSIFICATION NUMBER
Classification number 821.08
100 ## - MAIN ENTRY--PERSONAL NAME
Personal name भारद्वाज, कौशल्या
245 ## - TITLE STATEMENT
Title कलि रामायण/
Statement of responsibility, etc कौशल्या भरद्वाज.
250 ## - EDITION STATEMENT
Edition statement 1
260 ## - PUBLICATION, DISTRIBUTION, ETC. (IMPRINT)
Place of publication, distribution, etc नई दिल्ली
Name of publisher, distributor, etc भारद्वाज प्रिंटर्स
Date of publication, distribution, etc 2010
270 ## - ADDRESS
City नई दिल्ली
Address 40 ए, बिन्दापुर- मटियाला रोड़, सुभाष पार्क एक्स्तेंतियो एक्सटेंशन 2, उत्तम नगर
Postal code 110059
Telephone number 9999375914, 9211251479
300 ## - PHYSICAL DESCRIPTION
Extent 232,पृष्ट
Dimensions 23सेमी (सजिल्द)
942 ## - ADDED ENTRY ELEMENTS (KOHA)
Source of classification or shelving scheme Dewey Decimal Classification
Item type Hindi Books
Classification part 821.08
Call number suffix भरद्वाज
Edition 1
Holdings
Withdrawn status Lost status Not for loan Home library Current library Date acquired Source of acquisition Cost, normal purchase price Full call number Barcode Copy number Cost, replacement price Koha item type
      Patel Nagar Patel Nagar 03/04/2025 DBAD 808.00 821.08 भरद्वाज HN-101928 1 808.00 Hindi Books

© Delhi Public Library
Hit Counter
free hit counter